00830nam a2200229Ia 450000500170000000800410001702000220005804000560008004100080013610000200014424501160016425000100028026000470029030000480033749000310038565000240041665000150044065000490045570000310050470000190053576500460055420211112075623.0130821s2009 sp ao gr spa  a978 84 8346 964 4 aCO-BoUCMbspacJose A. Gerena (modificó)d[Nuevo]00aspa1 aNooteboom, Cees10aTumbas de poetas y pensadorescCees Nooteboom ; fotografías de Simone Sassen ; traducción de María Condor a2a ed aMadrid (España)bEdiciones Ciruelac2009 a382 páginasbilustraciones, fotografías 0aDebolsillopContemporánea7 aCrítica literaria7 aLiteratura7 aPoesíaxCrítica e interpretación, etc.1 aCondor, Maríaetraductor1 aSassen, Simone1 tTumbas. Gráber von dichtern und denkern